[Event "Oberpfalz-ch M1"]
[Site "Burglengenfeld"]
[Date "2012.04.01"]
[Round "3"]
[White "Weigert, Wilhelm"]
[Black "Tassell, Pierre"]
[Result "1/2-1/2"]
[WhiteElo "2031"]
[BlackElo "2038"]
[PlyCount "131"]
[EventDate "2012.03.31"]
[EventType "swiss"]
[EventRounds "8"]
[EventCountry "GER"]
[SourceTitle "EXT 2022"]
[Source "ChessBase"]
[SourceDate "2021.10.06"]
[SourceVersion "1"]
[SourceVersionDate "2021.10.06"]
[SourceQuality "1"]

1. Nf3 c5 2. g3 Nc6 3. c4 g6 4. Bg2 Bg7 5. Nc3 d6 6. 0-0 Qd7 7. Rb1 b6 8. a3 Bb7 9. b4 Bxc3 10. dxc3 f5 11. b5 Na5 12. Ng5 h6 13. Bxb7 Nxb7 14. Nf3 e6 15. Qd3 Nf6 16. Nd2 0-0-0 17. e4 g5 18. exf5 exf5 19. Nb3 Rdg8 20. a4 h5 21. a5 h4 22. axb6 axb6 23. Ra1 Kc7 24. Ra7 hxg3 25. fxg3 f4 26. Bxf4 gxf4 27. Qf3 Rb8 28. Qxf4 Ng4 29. Qe4 Ne5 30. Nd2 Qh7 31. Qg2 Qh3 32. Qh1 Qh6 33. Rf2 Qe3 34. Qe4 Qxe4 35. Nxe4 Rhf8 36. Nf6 Rxf6 37. Rxf6 Rg8 38. Rh6 Kb8 39. Ra4 Na5 40. Rxd6 Naxc4 41. Rf6 Rd8 42. Ra2 Rd1+ 43. Kg2 Rc1 44. Rf8+ Kc7 45. Raf2 Rxc3 46. Rg8 Rb3 47. h4 Rxb5 48. h5 Ne3+ 49. Kh3 Rb1 50. Kh4 Rh1+ 51. Kg5 c4 52. Rg7+ Kd6 53. Rf6+ Kd5 54. Rxb6 c3 55. Rb3 c2 56. Rc3 c1Q 57. Rxc1 Rxc1 58. h6 Rh1 59. Ra7 Rh3 60. Ra5+ Ke4 61. Ra4+ Kf3 62. Rh4 Rxg3+ 63. Kf6 N3g4+ 64. Ke6 Ng6 65. h7 Nf8+ 66. Kf7 1/2-1/2

[Event "Oberpfalz-ch M1"]
[Site "Regensburg"]
[Date "2011.04.19"]
[Round "7"]
[White "Berisha, Shpend"]
[Black "Tassell, Pierre"]
[Result "0-1"]
[WhiteElo "2051"]
[BlackElo "2042"]
[PlyCount "48"]
[EventDate "2011.04.16"]
[EventType "swiss"]
[EventRounds "8"]
[EventCountry "GER"]
[SourceTitle "EXT 2022"]
[Source "ChessBase"]
[SourceDate "2021.10.06"]
[SourceVersion "1"]
[SourceVersionDate "2021.10.06"]
[SourceQuality "1"]

1. d4 Nf6 2. c4 g6 3. Nc3 Bg7 4. Nf3 d6 5. Bg5 0-0 6. e3 c5 7. Qc2 Nc6 8. dxc5 dxc5 9. a3 Bf5 10. e4 Nd4 11. Nxd4 cxd4 12. Bxf6 exf6 13. Nd5 Bxe4 14. Qb3 Bxd5 15. cxd5 Re8+ 16. Kd1 f5 17. Kc2 Rc8+ 18. Kb1 Re1+ 19. Ka2 Rxa1+ 20. Kxa1 Rc1+ 21. Ka2 d3 22. Qxd3 Qb6 23. Qb5 Qxb5 24. Bxb5 Rxh1 0-1